000 00657nam a2200229 a 4500
008
020 _a0471603864 (hbk.)
049 _aMAIN
090 _aQC793.2
100 1 _aGriffiths, David J.
245 1 0 _aIntroduction to elementary particles /
_cDavid Griffiths.
260 _aNew York :
_bWiley,
_cc1987.
300 _avii, 392 p. ;
_c25 cm.
504 _aIncludes bibliographical references.
500 _aIncludes index.
650 0 _aParticles (Nuclear physics)
907 _a.b10020238
_b08-06-05
_c17-04-03
003
005 20230123133817.0
040 _cNUST
942 _cBOOKS
_kQC793.2
999 _c155017
_d155017